| 000 | 00358nam a2200145Ia 4500 | ||
|---|---|---|---|
| 008 | 240624s9999 xx 000 0 und d | ||
| 041 | _aeng | ||
| 082 | _a004.22 MAN | ||
| 100 | _aMANO M MORRIS | ||
| 245 | _aCOMPTER SYSTEM ARCHITECTURE | ||
| 250 | _a(3rd ed.) | ||
| 260 |
_c2004 _aNew Delhi _bPrentice-Hall of India |
||
| 300 | _axxviii, : 525 | ||
| 365 | _cRS | ||
| 999 |
_c1686 _d1686 |
||